| 000 | 01764nam0a2200361 4500 | ||
|---|---|---|---|
| 001 | RU\NLR\BIBL_A\012102480 | ||
| 005 | 20191011151746.0 | ||
| 010 |
_a978-5-98811-577-9 _91000 |
||
| 021 |
_aRU _bКН-П-19-063593 _9КН-П-19-4560 |
||
| 035 | _a(NLR Aleph) 012102480 | ||
| 035 | _a(RuMoRGB)010076581 | ||
| 090 |
_a11913859 _c11913859 |
||
| 100 | _a20190926d2019 k y0rusy50 ca | ||
| 101 | 1 |
_arus _ceng |
|
| 102 | _aRU | ||
| 105 | _aa|||z|||000zy | ||
| 200 | 1 |
_aИнтерпретация биопсий в педиатрии _e[руководство] _fредактор А. Н. Хусейн _gперевод с английского под общей редакцией Ф. Г. Заболаева |
|
| 210 |
_aМосква _cПрактическая медицина _d2019 |
||
| 215 |
_a443 с. _cцв. ил. _d22 |
||
| 225 | 1 | _aBiopsy interpretation series | |
| 300 | _aПер. изд.: Biopsy interpretation of pediatric lesions / Aliya N. Husain. Philadelphia [etc.], 2014 | ||
| 320 | _aБиблиогр. в конце разд. | ||
| 454 | 0 |
_12001#$aBiopsy interpretation of pediatric lesions$fAliya N. Husain _1700#1$aHusain$bA. N.$gAliya N.$3RU\NLR\AUTH\770211578 _1210##$aPhiladelphia$d2014 _tBiopsy interpretation of pediatric lesions _aHusain, Aliya N. |
|
| 606 | 1 |
_aБиопсия _jРуководства, пособия и т.п _xПрименение в педиатрии _91520096 _3RU\NLR\AUTH\66962516 |
|
| 610 | 0 | _aбиопсия в педиатрии | |
| 686 | 1 | _aР733-450.53я77 | |
| 702 | 1 |
_4340 _7ca _8rus _aХусейн _bЭ. Н. _gЭлайя Н. _9211520 _3RU\NLR\AUTH\770211576 |
|
| 942 | _cBOOK | ||
| 980 | _aNBR | ||
| 980 | _aNB | ||